000 00544nam a22001817a 4500
005 20251108163345.0
008 250721s1990 xx 000 0 ara d
082 1 4 _a214.2/عبد
100 1 _aعبد الحميد، علي حسن علي
245 1 0 _aالجنة :
_bنعيمها و الطريق اليها /
250 _aط5.
264 1 _aعمان :
_bالمكتبة الاسلامية،
_c1990.
300 _a40ص
650 1 7 _aأصول الدين الإسلامي
650 1 7 _aاليوم الآخر
942 _2ddc
_cBK
999 _c649
_d649